[Event "Eastern Asia-ch U16 Girls"]
[Site "Tornelo INT"]
[Date "2021.10.23"]
[Round "6"]
[White "Harati, Hasti"]
[Black "Burbach, Anya Belle"]
[Result "1-0"]
[WhiteElo "1583"]
[BlackElo "1214"]
[PlyCount "49"]
[EventDate "2021.10.22"]
[EventType "swiss"]
[EventRounds "9"]
[EventCountry "NET"]
[SourceTitle "EXT 2023"]
[Source "ChessBase"]
[SourceDate "2022.10.05"]
[SourceVersion "1"]
[SourceVersionDate "2022.10.05"]
[SourceQuality "1"]

1. e4 e5 2. Nf3 Nf6 3. d4 Nxe4 4. dxe5 d5 5. Bd3 Nc6 6. 0-0 Be7 7. Bf4 Bg4 8. h3 Bh5 9. c3 0-0 10. Qc2 Bxf3 11. gxf3 Ng5 12. Kg2 h6 13. Nd2 Ne6 14. Bg3 Bg5 15. Rh1 Nf4+ 16. Bxf4 Bxf4 17. Nf1 Qg5+ 18. Ng3 Bxg3 19. fxg3 f5 20. f4 Qg6 21. Qb3 Qe6 22. Rad1 Rad8 23. Be2 Kh8 24. Bf3 d4 25. Qxe6 1-0

[Event "Eastern Asia-ch U16 Girls"]
[Site "Tornelo INT"]
[Date "2021.10.22"]
[Round "3"]
[White "Balabayeva, Kseniya"]
[Black "Harati, Hasti"]
[Result "1-0"]
[WhiteElo "1964"]
[BlackElo "1583"]
[PlyCount "75"]
[EventDate "2021.10.22"]
[EventType "swiss"]
[EventRounds "9"]
[EventCountry "NET"]
[SourceTitle "EXT 2023"]
[Source "ChessBase"]
[SourceDate "2022.10.05"]
[SourceVersion "1"]
[SourceVersionDate "2022.10.05"]
[SourceQuality "1"]

1. e4 e5 2. Nf3 Nc6 3. Bb5 a6 4. Ba4 Nf6 5. 0-0 b5 6. Bb3 Be7 7. Re1 d6 8. h3 0-0 9. c3 Bb7 10. d4 Qc8 11. Bg5 Re8 12. Nbd2 h6 13. Be3 Na5 14. Bc2 Bf8 15. d5 c6 16. dxc6 Bxc6 17. Nh2 d5 18. exd5 Nxd5 19. Qh5 Qb7 20. Ng4 Rad8 21. Ne4 Nc4 22. Bxh6 gxh6 23. Nef6+ Nxf6 24. Nxf6+ Kg7 25. Qf5 Bc5 26. Nxe8+ Rxe8 27. b3 Na3 28. Qh7+ Kf8 29. Qxh6+ Ke7 30. Rxe5+ Kd8 31. Rd1+ Kc7 32. Rxe8 Bxe8 33. Qf4+ Kb6 34. Be4 Qc8 35. Qf6+ Ka7 36. Rd8 Qe6 37. Ra8+ Kb6 38. Qd8# 1-0